000
00316nam a2200133Ia 4500
008
230524s9999 xx 000 0 und d
100
_a
Paulo Coelho
_9
37863
245
4
_a
The Winner Stands Alone
250
_a
1
260
_b
Harper
500
_a
Quantity Number: 1
650
_a
Miscellaneous
_9
1877
942
_c
BK
999
_c
52330
_d
52330